Countries of the World (Shortest Answer Only) - Statistics

General Stats
  • This quiz has been taken 78 times
  • The average score is 117 of 196
Answers on the Map
Answers color-coded by a green-red scale on the quiz's map according to % correct below.
 
Answer Stats
Country Shortest Answer % Correct
United States USA
91%
United Kingdom UK / GB
89%
Canada Canada
81%
Russia Russia
78%
Dominican Republic DR
77%
Brazil Brazil
75%
France France
75%
Japan Japan
75%
Mexico Mexico
75%
Iceland Iceland
73%
Spain Spain
73%
Cuba Cuba
72%
Denmark Denmark
72%
Haiti Haiti
72%
Ireland Ireland
72%
Italy Italy
72%
Peru Peru
72%
Australia Australia
70%
Belgium Belgium
70%
Colombia Colombia
70%
Germany Germany
70%
India India
70%
Portugal Portugal
70%
Sweden Sweden
70%
United Arab Emirates UAE
70%
Argentina Argentina
69%
Bahamas Bahamas
69%
Chile Chile
69%
Democratic Republic of the Congo DRC
69%
Egypt Egypt
69%
Finland Finland
69%
Norway Norway
69%
Austria Austria
67%
Bolivia Bolivia
67%
Central African Republic CAR
67%
Ecuador Ecuador
67%
Greece Greece
67%
Guatemala Guatemala
67%
Iran Iran
67%
Iraq Iraq
67%
Jamaica Jamaica
67%
Poland Poland
67%
Vietnam Vietnam
67%
Belize Belize
66%
Latvia Latvia
66%
Mongolia Mongolia
66%
Niger Niger
66%
Somalia Somalia
66%
Switzerland Switzerland
66%
Turkey Turkey
66%
Venezuela Venezuela
66%
Algeria Algeria
64%
Costa Rica CostaRica
64%
Hungary Hungary
64%
Indonesia Indonesia
64%
Jordan Jordan
64%
Kenya Kenya
64%
Kosovo Kosovo
64%
Lithuania Lithuania
64%
Mali Mali
64%
Nicaragua Nicaragua
64%
Nigeria Nigeria
64%
Republic of the Congo Congo
64%
South Africa SouthAfrica
64%
Suriname Suriname
64%
Tunisia Tunisia
64%
Yemen Yemen
64%
Albania Albania
63%
Belarus Belarus
63%
Bosnia and Herzegovina Bosnia
63%
Bulgaria Bulgaria
63%
Czech Republic Czechia
63%
El Salvador ElSalvador
63%
Estonia Estonia
63%
Ethiopia Ethiopia
63%
Guinea Guinea
63%
Guyana Guyana
63%
Laos Laos
63%
Libya Libya
63%
Malaysia Malaysia
63%
Malta Malta
63%
Oman Oman
63%
Pakistan Pakistan
63%
Panama Panama
63%
Qatar Qatar
63%
Serbia Serbia
63%
Slovakia Slovakia
63%
Sudan Sudan
63%
Thailand Thailand
63%
Ukraine Ukraine
63%
Zambia Zambia
63%
Angola Angola
61%
Cambodia Cambodia
61%
Chad Chad
61%
Cyprus Cyprus
61%
Honduras Honduras
61%
Madagascar Madagascar
61%
Namibia Namibia
61%
Papua New Guinea PNG
61%
Slovenia Slovenia
61%
South Sudan SouthSudan
61%
Syria Syria
61%
Togo Togo
61%
Tuvalu Tuvalu
61%
Bangladesh Bangladesh
59%
Benin Benin
59%
Croatia Croatia
59%
Fiji Fiji
59%
Gambia Gambia
59%
Georgia Georgia
59%
Israel Israel
59%
Kuwait Kuwait
59%
Nepal Nepal
59%
New Zealand NZ
59%
Romania Romania
59%
Senegal Senegal
59%
Singapore Singapore
59%
Tonga Tonga
59%
Uganda Uganda
59%
Zimbabwe Zimbabwe
59%
Antigua and Barbuda Antigua
58%
Armenia Armenia
58%
Botswana Botswana
58%
Cameroon Cameroon
58%
Comoros Comoros
58%
Eritrea Eritrea
58%
Eswatini Eswatini
58%
Lesotho Lesotho
58%
Moldova Moldova
58%
Mozambique Mozambique
58%
Rwanda Rwanda
58%
Saint Kitts and Nevis StKitts
58%
Saint Vincent and the Grenadines StVincent
58%
São Tomé and Príncipe SaoTome
58%
Solomon Islands SolomonIslands
58%
Tanzania Tanzania
58%
Trinidad and Tobago Trinidad
58%
Uzbekistan Uzbekistan
58%
Burundi Burundi
56%
Dominica Dominica
56%
Equatorial Guinea EquatorialGuinea
56%
Gabon Gabon
56%
Lebanon Lebanon
56%
Liberia Liberia
56%
Marshall Islands MarshallIslands
56%
Montenegro Montenegro
56%
Saint Lucia StLucia
56%
Samoa Samoa
56%
Vatican City Vatican / Holysee
56%
Barbados Barbados
55%
Brunei Brunei
55%
Burkina Faso BurkinaFaso
55%
Cape Verde CapeVerde
55%
China PRC
55%
Kiribati Kiribati
55%
Malawi Malawi
55%
Monaco Monaco
55%
Myanmar Burma
55%
Palau Palau
55%
San Marino SanMarino
55%
Afghanistan Afganistan
53%
Andorra Andora
53%
East Timor EastTimor
53%
Federated States of Micronesia FSM
53%
Grenada Grenada
53%
Ivory Coast CotedIvore / IvoryCoast
53%
Maldives Maldives
53%
Nauru Nauru
53%
Turkmenistan Turkmenistan
53%
Morocco Moroco
52%
Philippines Philipines
52%
Bhutan Butan
50%
Netherlands Holland
50%
Paraguay Paraguy
50%
Uruguay Uruguy
50%
Ghana Gana
48%
Luxembourg Luxemburg
48%
Vanuatu Vanatu
45%
Bahrain Barain
44%
Seychelles Seycheles
44%
Kyrgyzstan Kyrgystan
42%
Sierra Leone SieraLeone
42%
Azerbaijan Azerbajan
41%
Djibouti Djibuti
41%
Guinea-Bissau GuineaBisau
41%
Mauritania Maritania
41%
Taiwan ROC
41%
North Korea DPRK
38%
South Korea ROK
36%
Tajikistan Tajistan
34%
Kazakhstan Kazastan
31%
Mauritius Maritis
30%
Sri Lanka Ceylon
28%
North Macedonia FYROM
27%
Saudi Arabia KSA
27%
Liechtenstein Licenstein
8%
No matching quizzes found
Score Distribution
Percent of People with Each Score
Percentile by Number Answered
Your Score History
You have not taken this quiz